| 000 | 00960cam a22002294a 4500 | ||
|---|---|---|---|
| 020 | _a0896296504 (alk. paper) | ||
| 020 | _a0896297322 (CDROM) | ||
| 020 | _a0896297330 (videodisc) | ||
| 040 | _cDLC | ||
| 082 | 0 | 0 | _a338 INT 2004 C155 Or. |
| 245 | 0 | 0 |
_aAssuring food and nutrition security in Africa by 2020 : _bprioritizing actions, strengthening actors, and facilitating partnerships : proceedings of an all-Africa conference, Kampala, Uganda, April 1-3, 2004. |
| 260 |
_aWashington, D.C. : _bInternational Food Policy Research Institute, _cc2004. |
||
| 300 |
_axiii, 279 p. : _bill., maps ; _c28 cm. + _e1 CD-ROM (4 3/4 in.) + 1 videodisc (4 3/4 in.) |
||
| 650 | 0 | _aFood supply | |
| 650 | 0 | _aNutrition | |
| 650 | 0 | _aFood relief | |
| 650 | 0 | _aAgricultural productivity | |
| 650 | 0 | _aSustainable development | |
| 710 | 2 | _aInternational Food Policy Research Institute. | |
| 856 | 4 | 1 | _uhttp://www.loc.gov/catdir/toc/ecip055/2004029480.html |
| 942 | _cEK | ||
| 999 |
_c18799 _d18799 |
||